Ч. 2 : Предел. Непрерывность. Производная функции. Приложения производной. Функции нескольких переменных; Высшая математика

গ্রন্থ-পঞ্জীর বিবরন
Parent link:Высшая математика: учебное пособие/ Л. И. Терехина, И. И. Фикс. Ч. 2 : Предел. Непрерывность. Производная функции. Приложения производной. Функции нескольких переменных.— , 2005-
সংক্ষিপ্ত:Пособие является составной частью комплекта учебных пособий, подготовленных авторами по всему курсу высшей математики для технических ВУЗов, и предназначено для студентов как очной, так и дистанционной формы обучения. Пособие включает в себя четыре главы: предел, непрерывность функции; производная функции; приложения производной; функции нескольких переменных. Каждая глава содержит необходимые теоретические сведения для усвоения основных понятий, а также большое количество методически разобранных примеров и задач, позволяющих студенту уяснить основные понятия данной части курса и приобрести необходимые навыки в решении типовых практических заданий. Решения задач сопровождаются необходимыми иллюстрациями. Наиболее часто используемые формулы сведены в таблицы. Пособие, несомненно, окажет помощь студентам при выполнении ими контрольных работ и индивидуальных заданий по данной части курса высшей математики.
ভাষা:রুশ
প্রকাশিত: 2008
বিষয়গুলি:
বিন্যাস: MixedMaterials গ্রন্থ
KOHA link:https://koha.lib.tpu.ru/cgi-bin/koha/opac-detail.pl?biblionumber=145747

MARC

LEADER 00000nam2a2200000 4500
001 145747
005 20241126145645.0
035 |a (RuTPU)RU\TPU\book\157980 
035 |a RU\TPU\book\130526 
090 |a 145747 
100 |a 20081022d2008 m y0rusy50 ca 
101 0 |a rus 
102 |a RU 
105 |a a j 000yy 
181 0 |a i   |b  e  
182 0 |a n 
183 0 |a nc  |2 RDAcarrier 
200 0 |a Ч. 2 : Предел. Непрерывность. Производная функции. Приложения производной. Функции нескольких переменных 
203 |a Текст  |b визуальный  |c непосредственный 
210 |d 2008 
215 |a 192 с.  |c ил. 
283 |a volume  |2 RDAcarrier 
330 |a Пособие является составной частью комплекта учебных пособий, подготовленных авторами по всему курсу высшей математики для технических ВУЗов, и предназначено для студентов как очной, так и дистанционной формы обучения. Пособие включает в себя четыре главы: предел, непрерывность функции; производная функции; приложения производной; функции нескольких переменных. Каждая глава содержит необходимые теоретические сведения для усвоения основных понятий, а также большое количество методически разобранных примеров и задач, позволяющих студенту уяснить основные понятия данной части курса и приобрести необходимые навыки в решении типовых практических заданий. Решения задач сопровождаются необходимыми иллюстрациями. Наиболее часто используемые формулы сведены в таблицы. Пособие, несомненно, окажет помощь студентам при выполнении ими контрольных работ и индивидуальных заданий по данной части курса высшей математики. 
451 1 |0 (RuTPU)RU\TPU\book\130526  |t Ч. 2 : Предел. Непрерывность. Производная функции. Приложения производной. Функции нескольких переменных  |d 2006  |p 180 c. 
461 1 |0 (RuTPU)RU\TPU\book\130778  |t Высшая математика  |o учебное пособие  |f Л. И. Терехина, И. И. Фикс  |v Ч. 2 : Предел. Непрерывность. Производная функции. Приложения производной. Функции нескольких переменных  |d 2005-  
606 |a Математика высшая  |9 32308 
606 |a Математический анализ  |9 61042 
610 1 |a функции 
610 1 |a пределы 
610 1 |a непрерывность 
610 1 |a неопределенность 
610 1 |a дифференцирование 
610 1 |a дифференцируемые функции 
610 1 |a теоремы 
610 1 |a правило Лопиталя 
610 1 |a графики 
610 1 |a кривые 
610 1 |a касательная 
610 1 |a нормали 
610 1 |a функции нескольких переменных 
610 1 |a скалярное поле 
610 1 |a учебные пособия 
610 1 |a труды учёных ТПУ 
675 |a 51(075.8)  |v 3 
675 |a 517(075.8)  |v 3 
801 1 |a RU  |b 63413507  |c 20031219  |g PSBO 
801 2 |a RU  |b 63413507  |c 20230405  |g PSBO 
942 |c BK